The Party Never Ends - Juice WRLD - Statistics

General Stats
  • This quiz has been taken 11 times
  • The average score is 10 of 19
Answer Stats
Songs Plays Artists % Correct
Cuffed 29,219,012 Juice WRLD
78%
Misfit 62,998,149 Juice WRLD
78%
The Party Never Ends 28,256,175 Juice WRLD
78%
Lace It 141,549,766 Juice WRLD, Eminem, benny blanco
67%
Party By Myself 43,267,636 Juice WRLD
67%
Best Friend 24,268,901 Juice WRLD, Fall Out Boy
56%
Condone It 22,925,967 Juice WRLD
56%
Jeffrey 19,824,084 Juice WRLD
56%
KTM Drip 34,575,938 Juice WRLD
56%
AGATS2 (Insecure) 45,697,636 Juice WRLD, Nicki Minaj
44%
Barbarian 27,456,211 Juice WRLD
44%
Celebrate 24,596,460 Juice WRLD, Offset
44%
Empty Out Your Pockets 198,078,099 Juice WRLD
44%
Floor It 21,928,217 Juice WRLD
44%
Love Letter 23,735,068 Juice WRLD
44%
Oxycodone 18,142,272 Juice WRLD
44%
Spend It 18,537,480 Juice WRLD
44%
Goodbye 27,794,255 Juice WRLD, The Kid LAROI
33%
Adore You 30,946,413 Juice WRLD
22%
No matching quizzes found
Score Distribution
Percent of People with Each Score
Percentile by Number Answered
Your Score History
You have not taken this quiz